书目信息 |
| 题名: |
为未知而教 为未来而学
|
|
| 作者: | 帕金斯 著 ;杨彦捷 译 | |
| 分册: | ||
| 出版信息: | 杭州 浙江人民出版社 2015.08 |
|
| 页数: | 256页, [4] 页图版 | |
| 开本: | 23cm | |
| 丛书名: | 湛庐文化 | |
| 单 册: | ||
| 中图分类: | ||
| 科图分类: | ||
| 主题词: | 中小学教育--研究 , 教育--各级 | |
| 电子资源: | ||
| ISBN: | 978-7-213-06804-1 | |
| 000 | 01116nam 2200313 450 | |
| 001 | 2355228035 | |
| 005 | 20120618212647.56 | |
| 010 | @a978-7-213-06804-1@dCNY54.90 | |
| 100 | @a20150914d2015 em y0chiy50 ea | |
| 101 | 1 | @achi@ceng |
| 102 | @aCN@b330000 | |
| 105 | @aaf z 000yy | |
| 106 | @ar | |
| 200 | 1 | @a为未知而教 为未来而学@f(美) 戴维·帕金斯著@d= Future wise educating our children for a changing world@fDavid N. Perkins@g杨彦捷译@zeng |
| 210 | @a杭州@c浙江人民出版社@d2015.08 | |
| 215 | @a256页, [4] 页图版@c图@d23cm | |
| 225 | 2 | @a湛庐文化@i心视界 |
| 306 | @a由约翰·威立父子公司授权出版 | |
| 330 | @a本书主要内容包括: 做业余的专家而不是严谨的学院派 为何传统教育中的学习总是陷于被动? 学习即理解 你真正理解透彻的知识有哪些等。 | |
| 410 | 0 | @12001 @a湛庐文化@i心视界 |
| 500 | 10 | @aFuture wise educating our children for a changing world@mChinese |
| 606 | 0 | @a中小学教育@x研究 |
| 606 | 0 | @a教育@x各级 |
| 690 | @a@v5 | |
| 690 | @aG63@v4 | |
| 701 | 1 | @a帕金斯@g(Perkins, David N.)@4著 |
| 702 | 0 | @a杨彦捷@4译 |
| 801 | 0 | @aCN@b安徽时代出版发行有限公司@c20150914 |
| 905 | @dG63@e1562 | |
| 为未知而教 为未来而学/(美) 戴维·帕金斯著= Future wise educating our children for a changing world/David N. Perkins/杨彦捷译.-杭州:浙江人民出版社,2015.08 |
| 256页, [4] 页图版:图;23cm.-(湛庐文化.心视界) |
| ISBN 978-7-213-06804-1:CNY54.90 |
| 本书主要内容包括: 做业余的专家而不是严谨的学院派 为何传统教育中的学习总是陷于被动? 学习即理解 你真正理解透彻的知识有哪些等。 |
| ● |
| 相关链接 |
|
|
|
|
正题名:为未知而教 为未来而学
索取号:G63/1562
 
预约/预借
| 序号 | 登录号 | 条形码 | 馆藏地/架位号 | 状态 | 备注 |
| 1 | 1411587 | 214115875 | 第一样本阅览室/ [索取号:G63/1562] | 在馆 | |
| 2 | 1411588 | 214115884 | 第四借阅区/ [索取号:G63/1562] | 在馆 | |
| 3 | 1411589 | 214115893 | 第四借阅区/ [索取号:G63/1562] | 在馆 | |
| 4 | 1411590 | 214115900 | 教育系资料室/ [索取号:G63/1562] | 在馆 | |
| 5 | 1411591 | 214115919 | 教育系资料室/ [索取号:G63/1562] | 在馆 |